Catalog

Record Details

Catalog Search



Out of the Shadows of African Traditional Religion :  Christ's Deliverance of a Sangoma Cover Image Book Book

Out of the Shadows of African Traditional Religion :  Christ's Deliverance of a Sangoma

Ntlha, Moss (Author).

Record details

  • ISBN: 978-9966-062-29-1
  • Physical Description: xii, 89 s.
  • Publisher: Carlisle, Cumbria; Bukuru, Plateau State, Nigeria; Nairobi, Kenya; Grand Rapids, Michigan  :  HippoBooks , Langham Creative Projekts, WordAlive, Zondervan ,  2017

Available copies

  • 1 of 1 copy available at Common Catalog SPOK.

Holds

  • 0 current holds with 1 total copy.
Show All Copies
Location Call Number / Copy Notes Barcode Shelving Location Status Due Date
ETS Library 266 424470020623 Volný výběr Available -

LDR nam a22 i 4500
00157404
003CZ-PrJAB
00520240522130137.0
007ta
008240522s2017 enk e 000 0 eng
020 . ‡a978-9966-062-29-1
040 . ‡aABG450 ‡bcze ‡erda
08214. ‡a266
1001 . ‡aNtlha, Moss
24510. ‡aOut of the Shadows of African Traditional Religion :  ‡bChrist's Deliverance of a Sangoma
264 1. ‡aCarlisle, Cumbria; Bukuru, Plateau State, Nigeria; Nairobi, Kenya; Grand Rapids, Michigan  :  ‡bHippoBooks , Langham Creative Projekts, WordAlive, Zondervan ,  ‡c2017
300 . ‡axii, 89 s.
336 . ‡atext ‡btxt ‡2rdacontent
338 . ‡asvazek ‡bnc ‡2rdacarrier
910 . ‡aABG450
901 . ‡a57404 ‡bAUTOGEN ‡c57404 ‡tbiblio

Additional Resources